Teatro /
Sábháilte in:
| Príomhchruthaitheoir: | |
|---|---|
| Formáid: | Leictreonach Ríomhleabhar |
| Teanga: | Spáinnis |
| Foilsithe / Cruthaithe: |
Ciudad de México :
Fondo de Cultura Económica,
2016.
|
| Eagrán: | Primera edición electrónica. |
| Sraith: | Colección popular (Fondo de Cultura Económica (Mexico)) ;
159. |
| Ábhair: | |
| Rochtain ar líne: | Digitalia Hispánica |
| Clibeanna: |
Cuir clib leis
Níl clibeanna ann, Bí ar an gcéad duine le clib a chur leis an taifead seo!
|
MARC
| LEADER | 00000nam a2200000Ii 4500 | ||
|---|---|---|---|
| 001 | DIGFCE0861 | ||
| 003 | NyNyDIG | ||
| 007 | cr ||||||||||| | ||
| 008 | 220405t20161960mx ob 000 0 spa d | ||
| 006 | m o d | ||
| 035 | |a (OCoLC)962451900 | ||
| 040 | |a DGITA |b eng |e rda |e pn |c DGITA | ||
| 020 | |a 9786071638113 |q eBook | ||
| 020 | |z 9789681609634 | ||
| 050 | 1 | 4 | |a PQ7297.C2482 ebook |
| 082 | 1 | 4 | |a 862 |
| 100 | 1 | |a Carballido, Emilio, |e author. | |
| 245 | 1 | 0 | |a Teatro / |c Emilio Carballido. |
| 250 | |a Primera edición electrónica. | ||
| 264 | 1 | |a Ciudad de México : |b Fondo de Cultura Económica, |c 2016. | |
| 264 | 4 | |c ©1960 | |
| 300 | |a 1 online resource. | ||
| 336 | |a text |b txt |2 rdacontent | ||
| 337 | |a computer |b c |2 rdamedia | ||
| 338 | |a online resource |b cr |2 rdacarrier | ||
| 347 | |a text file |2 rdaft | ||
| 347 | |b EPUB | ||
| 490 | 1 | |a Colección popular ; |v 159 | |
| 505 | 0 | |a El relojero de Córdoba -- Medusa -- Rosalba y los llaveros -- El día que se soltaron los leones. | |
| 588 | 0 | |a Online resource; title from ePub title page (Digitalia, viewed April 5, 2021) | |
| 655 | 7 | |a Drama. |2 lcgft | |
| 655 | 0 | |a Electronic books. | |
| 700 | 1 | 2 | |i Container of (work): |a Carballido, Emilio. |t Relojero de Córdoba. |
| 700 | 1 | 2 | |i Container of (work): |a Carballido, Emilio. |t Medusa. |
| 700 | 1 | 2 | |i Container of (work): |a Carballido, Emilio. |t Rosalba y los llaveros. |
| 700 | 1 | 2 | |i Container of (work): |a Carballido, Emilio. |t Día que se soltaron los leones. |
| 791 | 2 | |a Digitalia (Firm), |e distributor. | |
| 793 | 0 | |g Digitalia eBook Collection: |a Fondo de Cultura Económica | |
| 776 | 0 | 8 | |i Print version: |a Carballido, Emilio. |t Teatro. |b Segunda edición (Colección Popular), decimoquinta reimpresión 2014. |d Ciudad de México : Fondo de Cultura Económica, 1976 |z 9789681609634 |
| 830 | 0 | |a Colección popular (Fondo de Cultura Económica (Mexico)) ; |v 159. | |
| 856 | 4 | 0 | |3 Digitalia Hispánica |u https://digitalia.unach.elogim.com/a/65061/ |
| 910 | |a Premium collection: 2022 | ||